I figli del Capitano Grant. Il giro del mondo in 80 giorni. Michele Strogoff. La stella del sud. Il paese dei diamanti. Un capitano di 15 anni. Ventimila leghe sotto i mari (Record n. 23624)

Dettagli MARC
000 -LEADER
fixed length control field 00616nam a2200217Ia 4500
003 - CONTROL NUMBER IDENTIFIER
control field IT-RoPAU
005 - DATE AND TIME OF LATEST TRANSACTION
control field 20220918175644.0
008 - FIXED-LENGTH DATA ELEMENTS--GENERAL INFORMATION
fixed length control field 120407s9999 xx 000 0 und d
040 ## - CATALOGING SOURCE
Original cataloging agency IT-RoPAU
040 ## - CATALOGING SOURCE
Transcribing agency IT-RoPAU
041 ## - LANGUAGE CODE
Language code of text/sound track or separate title ita
100 ## - MAIN ENTRY--PERSONAL NAME
Personal name Jules Verne
9 (RLIN) 34904
245 ## - TITLE STATEMENT
Title I figli del Capitano Grant. Il giro del mondo in 80 giorni. Michele Strogoff. La stella del sud. Il paese dei diamanti. Un capitano di 15 anni. Ventimila leghe sotto i mari
250 ## - EDITION STATEMENT
Edition statement Roma
260 ## - PUBLICATION, DISTRIBUTION, ETC. (IMPRINT)
Place of publication, distribution, etc. Edizioni Paoline
300 ## - PHYSICAL DESCRIPTION
Dimensions 24 cm
490 ## - SERIES STATEMENT
Series statement La 500 ep
490 ## - SERIES STATEMENT
Volume/sequential designation 151
942 ## - ADDED ENTRY ELEMENTS (KOHA)
Koha item type LIBRO
Source of classification or shelving scheme Dewey Decimal Classification
Dati di copia
Withdrawn status Lost status Source of classification or shelving scheme Damaged status Not for loan Home library Current library Date acquired Total Checkouts Full call number Date last seen Price effective from Koha item type Public note
    Dewey Decimal Classification Buone Condizioni Not For Loan PAULUS-BIBLIOTECA PAULUS-BIBLIOTECA 11/04/2012   808.20 11/04/2012 11/04/2012 LIBRO Inserito da: Jole In data: 27 settembre 2011 fondo: Via A.Severo 56 Progr:10847
CREDITS: SOCIETA' SAN PAOLO Via A.Severo, 58 - ROMA (RM) & PERIODICI SAN PAOLO SRL Via Giotto, 36 MILANO & CISF Via Giotto, 36 MILANO & EDIZIONI SAN PAOLO SRL,  Piazza Soncino, 5 CINISELLO BALSAMO (MI) -- ITALY